Normal view
MARC view
Entry Personal Name
001 - CONTROL NUMBER
- control field: 20363
003 - CONTROL NUMBER IDENTIFIER
- control field: OSt
005 - DATE AND TIME OF LATEST TRANSACTION
- control field: 20260408014205.0
008 - FIXED-LENGTH DATA ELEMENTS
- fixed length control field: 260408|| aca||aabn | a|a d
040 ## - CATALOGING SOURCE
- Original cataloging agency: OSt
- Transcribing agency: OSt
100 ## - HEADING--PERSONAL NAME
- Personal name: Veniciano, Manuel, Jhenica A., author
670 ## - SOURCE DATA FOUND
- Source citation: Work cat.: (OSt)5153: Concepcion, Sheila Mae, author. 20360, Factors that influence the growth of selected registered rice retailing businesses in the first district of Cavite /, 2023.
